Introduction to Physical and Health Education - XII (Record no. 1242)
[ view plain ]
| 000 -LEADER | |
|---|---|
| fixed length control field | 00251nam a22000857a 4500 |
| 008 - FIXED-LENGTH DATA ELEMENTS--GENERAL INFORMATION | |
| fixed length control field | 160630b xxu||||| |||| 00| 0 eng d |
| 100 ## - MAIN ENTRY--PERSONAL NAME | |
| 9 (RLIN) | 1494 |
| Personal name | Sharma, V.D |
| 245 ## - TITLE STATEMENT | |
| Title | Introduction to Physical and Health Education - XII |
| 260 ## - PUBLICATION, DISTRIBUTION, ETC. (IMPRINT) | |
| Place of publication, distribution, etc. | New Delhi |
| Name of publisher, distributor, etc. | Avichal |
| Date of publication, distribution, etc. | 2003 |
| Withdrawn status | Lost status | Source of classification or shelving scheme | Damaged status | Not for loan | Home library | Current library | Shelving location | Date acquired | Total Checkouts | Full call number | Barcode | Date last seen | Price effective from | Koha item type |
|---|---|---|---|---|---|---|---|---|---|---|---|---|---|---|
| Dewey Decimal Classification | Good Samaritan School Library | Good Samaritan School Library | Sports & Games | 06/30/2016 | SHA796 | SHA2095 | 06/30/2016 | 06/30/2016 | BOOK | |||||
| Dewey Decimal Classification | Good Samaritan School Library | Good Samaritan School Library | Sports & Games | 01/17/2018 | SHA510 | SHA2096 | 01/17/2018 | 01/17/2018 | BOOK |